000 00354cam a2200145ua 4500
041 _aeng
_h
082 _a823.308
_bALC/GO
100 _aAlcott, Lucia M .
245 _aGood wives /
_cLousia M Alcott.
_hTextual Documents
260 _aLondon :
_bJ M Dent and Sons Ltd ,
_c1961.
300 _a296 ; .
504 _a
942 _cBK
999 _c3739
_d3739